Statistics for Muse- Simulation Theory

Click here to take the quiz!

General Stats

  • This quiz has been taken 43 times
  • The average score is 10 of 11

Answer Stats

Answer% Correct
Pressure
100%
Dig Down
97%
Propaganda
97%
The Dark Side
97%
Something Human
93%
Thought Contagion
93%
Algorithm
90%
Break it to Me
90%
Get Up and Fight
90%
Blockades
87%
The Void
87%

Score Distribution

Percentile by Number Answered

Percent of People with Each Score

Your Score History

You have not taken this quiz